Регионална библиотека "Любен Каравелов" - Русе

Тримата малки смелчаци (Запис номер 119799)

MARC детайли
000 -Лидер
Контролно поле с фиксирана дължина 01277nam a2200313 c 4500
003 - Код на организацията, давaща контролен номер
Контролно поле BLK
005 - Дата и час на последна редакция
Контролно поле 20231102005218.0
008 - Елементи от данни с фиксирана дължина
fixed length control field 180409b bul|||||r ||||||| ||bul||
010 ## - Наследен системен номер
LC control number KNG00125414000
040 ## - Източник на каталожния запис
Идентификатор на билиотеката - собственик на записа BLK
041 ## - Код за език
Код за езика на текст/звукозапис или на отделно заглавие Български
Код за езика КДБФ Български
080 ## - УДК
Текстов определител УДК Българска литература
УДК код - определител по УДК 821.163.2
УДК определител -93-32
УДК - код + определител 821.163.2-93-32
139 ## - Редно поле
Редна дума Жечева, Бистра
Авторски знак Жеч - Ж 46
245 10 - Сведения за заглавието
Заглавие Тримата малки смелчаци
Подзаглавни данни Разказ за деца
Редно поле (дума) съавт. Бистра Жечева; худож. Тодор Кръстев; * Бистра Жечкова.
257 ## - Страна на издаване
Страна на създаване/издаване България
260 ## - Област на издателските данни
-- София
Име на издателя, разпространителя и проч. Бълг. художник
Година на издаване 1966
300 ## - Физическа характеристика
Страници 16 с.
Илюстрации и др. с ил.
Размери/Мащаб 18 см
380 ## - Жанр
Жанр Детска худож. лит.
490 1# - СЕРИИ (Колекции)
Име на серия Библиотека Детски свят
700 1# - Други автори (авторска отговорност)
Лично име Жечева, Бистра
Автороска отговорност (Описва отношението между автора и произведението) съавт.
9 (RLIN) 316333
700 1# - Други автори (авторска отговорност)
Лично име Жечкова, Бистра
Автороска отговорност (Описва отношението между автора и произведението) *
9 (RLIN) 316334
700 ## - Други автори (авторска отговорност)
Лично име Кръстев, Тодор
Друга информация Стоянов, Тодор Кръстев
Автороска отговорност (Описва отношението между автора и произведението) худож.
9 (RLIN) 249110
852 ## - Местоположение
Форматна сигнатура Цб І 12901
856 4# - Електронен адрес и достъп
Електронен формат pdf - файл
Път до файла /url/
856 4# - Електронен адрес и достъп
Електронен формат pdf - файл
Път до файла /url/
942 ## - АРТИКУЛИ
Вид на библиотечния материал Книги
Скрит в OPAC Не
944 ## - СЪЗДАВАНЕ И РЕДАКЦИЯ на ЗАПИСА
Създаване/Редакция Създаване
Дата на регистрацията/редакция 27.08.2011
Статус, дата на статуса CRON CRON
Служител, извършил регистрацията/редакцията
944 ## - СЪЗДАВАНЕ И РЕДАКЦИЯ на ЗАПИСА
Създаване/Редакция Редакция
Дата на регистрацията/редакция 27.08.2011
Статус, дата на статуса 27.08.2011 - от С1,Р / 27.08.2011
Служител, извършил регистрацията/редакцията
999 ## - СИСТЕМНИ КОНТРОЛНИ НОМЕРА
Koha biblionumber 119799
Koha biblioitemnumber 119799
Наличности
Код за отписване Код за изгубен артикул Източник на класификационната схема Код за повреда Коз за рестрикции Код за отдаване Артикулен № Име на библиотеката - собственик Име на библиотеката, в която се намира в момента Статус (Текущо местоположение) Дата на вписване в системата Местоположение - отдел Цена в лева Инвентарен номер Систематично азбучна сигнатура Баркод Номер на екземпляра Цена в евро Служебна бележка Служебен тип на артикула
  Не е изгубен Universal Decimal Classification Не е повреден само за читалня ползва се в читалня 193221 Регионална библиотека "Любен Каравелов" Русе Регионална библиотека "Любен Каравелов" Русе Хранилище 1966-01-01 Хранилище 0.05 3557/67 Цб І 12901 900000032158 1 0.03 Дост: Dp Вид: Д N: стар фонд Дата: 01.01.1966 Книги
Изтеглен Не е изгубен Universal Decimal Classification Не е повреден без рестрикции заемане за дома 193222 Регионална библиотека "Любен Каравелов" Русе Регионална библиотека "Любен Каравелов" Русе Детски отдел 1966-01-01 Детски отдел 0.08 3474/67 ДХ 886.7/Ж 46 3474/67 2 0.04 Дост: Pk Вид: Ф N: стар фонд Дата: 01.01.1966 Дата инв: 18.08.2015 Бележки инв: Д2015 Книги
Изтеглен Не е изгубен Universal Decimal Classification Не е повреден без рестрикции заемане за дома 193223 Регионална библиотека "Любен Каравелов" Русе Регионална библиотека "Любен Каравелов" Русе Детски отдел 1966-01-01 Детски отдел 0.08 3473/67 ДХ 886.7/Ж 46 3473/67 3 0.04 Дост: Pk Вид: Ф N: стар фонд Дата: 01.01.1966 Дата инв: 18.08.2015 Бележки инв: Д2015 Книги
Vip Innovations Ltd, Rousse, Bulgaria 2025